| 000 | 00453nam a2200157 a 4500 | ||
|---|---|---|---|
| 001 | 4560 | ||
| 003 | CDMR | ||
| 005 | 20130319164809.0 | ||
| 008 | 130130s2007||||||||||||||||||||||||||||d | ||
| 040 |
_aCDMR _bcat _cCPC GIRONA |
||
| 100 | 1 |
_93037 _aFita, Domènec |
|
| 245 | 0 |
_aFita _b: adorn _c[text Domènec Fita] |
|
| 260 |
_c2007 _bFundació Fita _aGirona |
||
| 500 | _aCatàleg de l'exposició del 28 de novembre al 31 de desembre de 2007 | ||
| 942 |
_cMON _2udc |
||
| 999 |
_c4560 _d4560 |
||